Presupuestos participativos en el ámbito local
Publicado:
Barcelona :
Diputació de Barcelona. Àrea d'Atenció a les Persones. Gerència de Serveis d'Igualtat i Ciutadania ,
2019
Descripción Física:
14 pàgines : 21 cm
Colección:
Cuadernos de Participación Ciudadana
; 5
Idioma:
Español
MARC
| LEADER | 00000nam a2200000 a 4500 | ||
|---|---|---|---|
| 001 | 25688 | ||
| 008 | 220527b spa||||| |||| 00| 0 spa d | ||
| 017 | |a DL B 29578-2019 | ||
| 080 | |a FU-69-80 | ||
| 245 | 1 | |a Presupuestos participativos en el ámbito local | |
| 260 | |a Barcelona : |b Diputació de Barcelona. Àrea d'Atenció a les Persones. Gerència de Serveis d'Igualtat i Ciutadania, |c 2019 | ||
| 300 | |a 14 pàgines : |c 21 cm | ||
| 490 | |a Cuadernos de Participación Ciudadana ; |v 5 | ||
| 650 | 0 | |a Participació ciutadana |9 7371 | |
| 650 | 0 | |a Pressupostos municipals |9 22294 | |
| 710 | |a Barcelona (Catalunya : Província). |b Gerència de Serveis d'Igualtat i Ciutadania |9 52163 | ||
| 942 | |2 udc |c ARXIU |n 1 | ||
| 952 | |0 0 |1 0 |4 0 |6 FU6980 |7 1 |9 62083 |a Arxiu |b Arxiu |d 2022-05-27 |l 0 |o FU-69-80 |p 25688 |r 2022-05-27 00:00:00 |w 2022-05-27 |y ARXIU | ||
| 999 | |c 81794 |d 81794 | ||